<?xml version="1.0" encoding="UTF-8"?>
<record
    xmlns:xsi="http://www.w3.org/2001/XMLSchema-instance"
    xsi:schemaLocation="http://www.loc.gov/MARC21/slim http://www.loc.gov/standards/marcxml/schema/MARC21slim.xsd"
    xmlns="http://www.loc.gov/MARC21/slim">

  <leader>01338naa a2200229 i 4500</leader>
  <controlfield tag="001">BPP</controlfield>
  <controlfield tag="003">BPK</controlfield>
  <controlfield tag="005">20190604154927.0</controlfield>
  <controlfield tag="008">140617s2008    pl     f     |000 0 pol</controlfield>
  <datafield tag="040" ind1=" " ind2=" ">
    <subfield code="c">BPK</subfield>
  </datafield>
  <datafield tag="084" ind1=" " ind2=" ">
    <subfield code="a">621.9</subfield>
  </datafield>
  <datafield tag="100" ind1=" " ind2=" ">
    <subfield code="a">STORCH, Borys.</subfield>
    <subfield code="d">1996 - .</subfield>
    <subfield code="b">Politechnika Koszali&#x144;ska - Wydzia&#x142; Mechaniczny,</subfield>
    <subfield code="c">Zak&#x142;ad Zarz&#x105;dzania i Marketingu w Budowie i Eksploatacji Maszyn</subfield>
  </datafield>
  <datafield tag="245" ind1=" " ind2=" ">
    <subfield code="a">Analiza obrazowa zmian geometrii gwintu pod wp&#x142;ywem zu&#x17C;ycia p&#x142;ytki skrawaj&#x105;cej /</subfield>
    <subfield code="c">Borys Storch, Izabela Wierucka.</subfield>
  </datafield>
  <datafield tag="260" ind1=" " ind2=" ">
    <subfield code="c">2008.</subfield>
  </datafield>
  <datafield tag="500" ind1=" " ind2=" ">
    <subfield code="a">Dane z autopsji.</subfield>
  </datafield>
  <datafield tag="520" ind1=" " ind2=" ">
    <subfield code="a">W artykule przedstawiono zagadnienie analizy obrazowej dotycz&#x105;cej zmian geometrii gwintu w trakcie procesu toczenia pod wp&#x142;ywem zu&#x17C;ywania si&#x119; p&#x142;ytki skrawaj&#x105;cej. Stosuje si&#x119; wiele rozwi&#x105;za&#x144; s&#x142;u&#x17C;&#x105;cych do monitorowania stanu narz&#x119;dzi opartych na bezpo&#x15B;redniej ocenie zu&#x17C;ycia lub na po&#x15B;rednich metodach pomiaru.</subfield>
  </datafield>
  <datafield tag="650" ind1=" " ind2="0">
    <subfield code="a">Gwintowanie.</subfield>
  </datafield>
  <datafield tag="650" ind1=" " ind2="0">
    <subfield code="a">Skrawanie</subfield>
  </datafield>
  <datafield tag="700" ind1=" " ind2=" ">
    <subfield code="a">WIERUCKA, Izabela.</subfield>
    <subfield code="d">1996 - .</subfield>
    <subfield code="b">Politechnika Koszali&#x144;ska - Wydzia&#x142; Mechaniczny,</subfield>
    <subfield code="c">Zak&#x142;ad Zarz&#x105;dzania i Marketingu w Budowie i Eksploatacji Maszyn</subfield>
  </datafield>
  <datafield tag="773" ind1=" " ind2=" ">
    <subfield code="i">W :</subfield>
    <subfield code="t">Obr&#xF3;bka skrawaniem : Innowacje / pod red. Jerzego St&#xF3;sa. -</subfield>
    <subfield code="d">Krak&#xF3;w : KSERKOP Drukarnia Cyfrowa, 2008. -</subfield>
    <subfield code="g">s. 344-351</subfield>
    <subfield code="k">Szko&#x142;a Obr&#xF3;bki Skrawaniem ; nr 2</subfield>
  </datafield>
  <datafield tag="942" ind1=" " ind2=" ">
    <subfield code="c">ART</subfield>
    <subfield code="2">UKD</subfield>
  </datafield>
  <datafield tag="999" ind1=" " ind2=" ">
    <subfield code="c">6133</subfield>
    <subfield code="d">6133</subfield>
  </datafield>
</record>
